000 00987nas a2200337 4500
001 BR0102401
003 BR-BrBNA
005 20231205103452.0
007 ta
008 230509b bl.|||p| |||| 00| 00por d
040 _aBR-BrBNA
_bpor
_cBiblioteca Nacional de Agricultura
041 _a(Pt)
072 _aL51; F01
100 1 _aEvangelista, A.R.
100 1 _aLima, J.A. de
100 1 _aCuri, N.
100 1 _aCarvalho, M.M. de
100 1 _aFonseca, E.G.
245 1 _aDegradabilidade in situ de pastagens nativas em diferentes idades de corte
650 _aPASTAGEM NATIVA
650 _aMATÉRIA SECA
650 _aPROTEÍNA BRUTA
650 _aCAMBISSOLO
650 _aLATOSSOLO
650 _aÈPOCA DE CORTE
650 _aDIGESTIBILIDADE
650 _aNUTRIÇÃO ANIMAL
773 0 _tCiência e Agrotecnologia (Brazil)
_xISSN 1413-7054
_g(Apr-Jun 1999), v. 23(2) p. 427--433
_wBR0102401
909 _a202311
_bLúcia
_c55
_dLúcia Elande
942 _2AGRIS
_n0
_cANA
999 _c173035
_d173035